Joueurs passés par le FC Metz - Mort subite - Statistiques

Statistiques générales
  • Ce quiz a été pris 117 fois
  • Le résultat moyen est 12 sur 20
Answers on the Grid
Answers color-coded by a green-red scale on the quiz's grid according to % correct below.
Miralem Pjanić
Robert Pirès
Sadio Mané
Pape Matar Sarr
Franck Ribéry
Marc-Aurèle Caillard
Andy Delort
Habib Diallo
Gauthier Hein
Kalidou Koulibaly
Georges Mikautadze
Bouna Sarr
Benjamin Stambouli
Matthieu Udol
Bernard Lama
Sylvain Wiltord
Alexandre Oukidja
Maxwel Cornet
Jean-Philippe Gbamin
Jessy Deminguet
Ludovic Ajorque
Martin Terrier
Benjamin Bourigeaud
Édouard Mendy
Mehdi Taremi
Adrien Thomasson
Antoine Griezmann
Medhi Benatia
George Weah
Xherdan Shaqiri
Thomas Meunier
Eden Hazard
Nicolas Pallois
Romain Philippoteaux
Hwang Ui-jo
Dayot Upamecano
 
Statistiques - réponses
Réponse % Correct
Sadio Mané
82%
Habib Diallo
77%
Bouna Sarr
76%
Franck Ribéry
76%
Alexandre Oukidja
75%
Gauthier Hein
75%
Georges Mikautadze
75%
Robert Pirès
75%
Matthieu Udol
71%
Miralem Pjanić
70%
Benjamin Stambouli
63%
Pape Matar Sarr
61%
Kalidou Koulibaly
59%
Jean-Philippe Gbamin
58%
Marc-Aurèle Caillard
57%
Jessy Deminguet
56%
Sylvain Wiltord
39%
Maxwel Cornet
37%
Bernard Lama
24%
Andy Delort
22%
Aucun quiz correspondant
Distribution des résultats
% des personnes avec chaque résultat
Percentile par nombre de réponses
Votre historique - résultats
Vous n’avez pas pris ce quiz